Statistics for NFL Teams from East to West

Click here to take the quiz!

General Stats

  • This quiz has been taken 222 times
    (80 since last reset)
  • The average score is 18 of 30

Answer Stats

LongitudeTeam% Correct
71.264°WNew England Patriots
100%
74.074°WNew York Giants/New York Jets
94%
75.168°WPhiladelphia Eagles
86%
76.623°WBaltimore Ravens
76%
76.864°WWashington Commanders
76%
80.016°WPittsburgh Steelers
69%
80.239°WMiami Dolphins
67%
78.787°WBuffalo Bills
65%
122.332°WSeattle Seahawks
65%
112.263°WArizona Cardinals
63%
80.853°WCarolina Panthers
63%
118.339°WLos Angeles Chargers/Los Angeles Rams
63%
105.020°WDenver Broncos
59%
81.638°WJacksonville Jaguars
59%
115.186°WLas Vegas Raiders
59%
121.970°WSan Francisco 49ers
59%
81.699°WCleveland Browns
57%
97.093°WDallas Cowboys
57%
95.411°WHouston Texans
57%
82.503°WTampa Bay Buccaneers
57%
93.258°WMinnesota Vikings
55%
88.062°WGreen Bay Packers
53%
94.484°WKansas City Chiefs
53%
87.617°WChicago Bears
51%
84.516°WCincinnati Bengals
49%
90.081°WNew Orleans Saints
49%
84.401°WAtlanta Falcons
47%
86.771°WTennessee Titans
47%
83.046°WDetroit Lions
45%
86.164°WIndianapolis Colts
43%

Score Distribution

Percentile by Number Answered

Percent of People with Each Score

Your Score History

You have not taken this quiz since the last reset